000 00786nam a2200205Ia 4500
008 0000001998 ag a 0000000000spa00
090 _aPSP00 M17m
100 1 _aMasdeu, Montserrat
_d1947
245 1 0 _aMontserrat Masdeu
300 _a[16] p.
_c/ 30 cm.
500 _aExposición realizada en la Galería de Arte La Pinacoteca, Buenos Aires, Septiembre 22, 1998 \ Con el patronazgo del maestro venezolano Jesús Rafael Soto (q.e.p.d.)
600 0 0 _aMASDEU, MONTSERRAT, 1947 /
_xTRABAJOS PICTORICOS
650 1 4 _aARTE CONTEMPORANEO ESPAÑOL
650 1 4 _xCATALOGOS
650 1 4 _xEXPOSICIONES
650 1 4 _aNATURALEZA EN EL ARTE
650 1 4 _aPINTORES ESPAÑOLES
650 1 4 _aPINTURA ESPAÑOLA
999 _c1782
_d1782
260 _aBuenos Aires : La Pinacoteca Galería de Arte
_c1998